Anatomía compendiada o Cuadros de anatomía / (Record no. 184879)

MARC details
000 -LEADER
campo de control de longitud fija 00938nam a2200217 i 4500
001 - NÚMERO DE CONTROL
campo de control 184879
003 - IDENTIFICADOR DE NÚMERO DE CONTROL
campo de control ES-MaACL
005 - FECHA Y HORA DE LA ÚLTIMA TRANSACCIÓN
campo de control 20250719063327.0
008 - DATOS DE LONGITUD FIJA--INFORMACIÓN GENERAL
campo de control de longitud fija 160215s1870 sp |||| | spa d
100 1# - ENTRADA PRINCIPAL--NOMBRE DE PERSONA
Nombre de persona Pintado y Jordán, Galo
Término indicativo de función/relación Autor
9 (RLIN) 158752
245 10 - MENCIÓN DEL TÍTULO
Título Anatomía compendiada o Cuadros de anatomía /
Mención de responsabilidad, etc. por Galo Pintado y Jordán.
246 1# - FORMA VARIANTE DEL TITULO
Título propio/Titulo breve Cuadros de anatomía
260 ## - PUBLICACIÓN, DISTRIBUCIÓN, ETC.
Lugar de publicación, distribución, etc. Madrid :
Nombre del editor, distribuidor, etc. [s.n.],
Fecha de publicación, distribución, etc. 1870
Fabricante (Imp. a cargo de Tomás Alonso)
300 ## - DESCRIPCIÓN FÍSICA
Extensión 61 hojas ;
Dimensiones 25 cm.
650 #7 - PUNTO DE ACCESO ADICIONAL DE MATERIA--TÉRMINO DE MATERIA
Término de materia o nombre geográfico como elemento de entrada Anatomía humana
Fuente del encabezamiento o término embne
9 (RLIN) 9801
852 ## - LOCALIZACIÓN
Ubicación ES-MaACL
Ubicación en estantería Depósito folletos
Marcas de propiedad Sello de Los Escolares Médicos
Anotaciones manuscritas Dedicatoria autógrafa de Manuel Tolosa Latour a la Biblioteca de Los Escolares Médicos
Número de control de estantería T-387-F-5
Encuadernación Enc. en un vol. facticio
852 ## - LOCALIZACIÓN
Ubicación ES-MaACL
Número de control de estantería G-9955
Ubicación en estantería Sala Pecera Planta 3
Anotaciones manuscritas Firma manuscrita de Gustavo Sáenz Díez
Donativo/Legado Legado Gustavo Sáenz Díez
942 ## - ELEMENTOS DE ENTRADA SECUNDARIOS (KOHA)
Fuente del sistema de clasificación o colocación Clasificación decimal universal
Tipo de ítem Koha Libro impreso antiguo
Suprimir en OPAC No
Holdings
Estatus retirado Estado de pérdida Fuente del sistema de clasificación o colocación Estado de daño No para préstamo Colección Biblioteca de origen Biblioteca actual Ubicación en estantería Fecha de adquisición Fuente de adquisición Total de préstamos Signatura topográfica completa Código de barras Visto por última vez Tipo de ítem Koha
    Clasificación decimal universal     Libros del s. XIX Biblioteca del Ateneo de Madrid Biblioteca del Ateneo de Madrid Sala Pecera Planta 3 15/02/2016 Legado   G-9955 1194716 23/02/2023 Libro impreso antiguo
    Clasificación decimal universal     Colección de folletos Biblioteca del Ateneo de Madrid Biblioteca del Ateneo de Madrid Depósito folletos 15/02/2016     T-387-F-5 1194715 23/02/2023 Folleto